logo

Bir Sreshtho Munshi Abdur Rouf Library
Jhenaidah Cadet College

Encyclopaedia of Sports and Games / (Record no. 6983)

MARC details
000 -LEADER
fixed length control field 00672nam a2200253 a 4500
001 - CONTROL NUMBER
JCCL Control Number 6983
003 - CONTROL NUMBER IDENTIFIER
JCCL marc code BD-JhCC
005 - DATE AND TIME OF LATEST TRANSACTION
control field 20190903134018.0
008 - FIXED-LENGTH DATA ELEMENTS--GENERAL INFORMATION
fixed length control field 180203s1975 i |||| || | 000 0 eng d
020 ## - INTERNATIONAL STANDARD BOOK NUMBER
International Standard Book Number 0706903609
035 ## - SYSTEM CONTROL NUMBER
system control number (BD-JhCC)6983
040 ## - CATALOGING SOURCE
Original cataloging agency BD-JhCC
Modifying agency BD-JhCC
041 ## - LANGUAGE CODE
Language code of Book eng
082 ## - DEWEY DECIMAL CLASSIFICATION NUMBER
Classification number 796.03
Author mark and Year GOE 1975
100 ## - MAIN ENTRY--PERSONAL NAME
Personal name Goel, R. G.
245 ## - TITLE STATEMENT
Title Encyclopaedia of Sports and Games /
Statement of responsibility, etc R. G. Goel and Chander Mehra,
260 ## - PUBLICATION, DISTRIBUTION, ETC. (IMPRINT)
Place of publication, distribution, etc Delhi :
Name of publisher, distributor, etc Vikas Publishing House Pvt Ltd,
Date of publication, distribution, etc 1975.
300 ## - PHYSICAL DESCRIPTION
Pagination 685 p. :
Dimensions 20 cm.
650 ## - SUBJECT ADDED ENTRY--TOPICAL TERM
Topical term or geographic name as entry element Sports
Form subdivision Games
650 ## - SUBJECT ADDED ENTRY--TOPICAL TERM
Topical term or geographic name as entry element Games
General subdivision Encyclopedia
700 ## - ADDED ENTRY--PERSONAL NAME
Personal name Mehra, Chander
942 ## - ADDED ENTRY ELEMENTS (KOHA)
Source of classification or shelving scheme Dewey Decimal Classification
Koha item type Books
Koha issues (borrowed), all copies 2
Holdings
Source of classification or shelving scheme Damaged status Not for loan Home library Current library Shelving location Total Checkouts Full call number Barcode Date last seen Date checked out Copy number Koha item type
Dewey Decimal Classification     JCC Rouf Library JCC Rouf Library General Stacks 1 796.03 GOE 1975 9502 09/07/2019 09/02/2019 C-1 Books

JCC Library | Contacts | JCC Home

Last Update on 23 September 2017
Copyright @ 2017-2020 JCC Rouf Library
Rouf Library, Jhenidah Cadet College (JCC), Bangladesh